000 01451nam a2200349 a 4500
003 BLK
005 20241107164629.0
008 180411b bul|||||r ||||||| ||bul||
010 _aKNG00179533000
040 _aBLK
041 _aBUL
_cBUL
080 _aРоли и образи. Актьорско майсторство:техника на изпълнение на ролята, интерпретация на ролята или отд. сцени. Амплоа. Сценична реч. Сценичен бой
_b792.028
_x(497.2)(075.8)
_z792.028(497.2)(075.8)
100 1 _aГеоргиева, Мара Атанасова
_9376361
245 1 0 _aБългарска сценична реч
_bучебник за студенти от ВИТИЗ
_cМара Атанасова Георгиева.
250 _a3. изд.
257 _aBGR
260 _aСофия
_bНаука и изкуство
_c1977
300 _a255 с.
_c22 см
380 _a7
500 _a1. изд.1969
504 _aБиблиогр. с. 249-250.
650 4 _aСценична реч
_9172758
650 7 _aРецитация
_9169393
653 _aучебници за ВУЗ
852 _aЦб 85253
852 _bИП
_c792/Г 37 М
856 4 _qpdf
856 4 _qpdf
942 _cKNG
_n0
944 _aCR
_c11.08.2015
_k30560
_lГеновева Генчева
999 _c171278
_d171278